Statistiques concernant Culture Générale - Série 1470

Cliquez ici pour prendre le quiz!

Statistiques générales

  • Ce quiz a été pris 67 fois
  • Le résultat moyen est 6 sur 10

Statistiques - réponses

QuestionRéponse% Correct
Quel philosophe et mathématicien prénommé Blaise a donné son nom à une unité de mesure ?Pascal
97%
Quel revêtement de chaussées à base de pierres concassées, tire son nom de son inventeur John McAdam ?macadam
93%
Quelle est la traduction française du mot "beef" dans le nom de la conserve "corned-beef" ?boeuf
93%
Quel homme politique africain a dit : "Je ne suis pas vraiment libre si je prive quelqu'un d'autre de sa liberté" ?Nelson Mandela
86%
De 1960 à 1992, quel pays a été exclu des Jeux olympiques à cause de sa politique raciste ?Afrique du Sud
73%
Quelle pièce de métal, terminée par une tige acérée ou une molette, se fixe au talon du cavalier pour piquer les flancs du cheval ?éperon
69%
En 1976, dans quel film de Claude Zidi Louis de Funès est-il élu à l'Académie française ?L'Aile ou la cuisse
37%
En 212, quel empereur romain donne son nom à l'édit qui accorde la citoyenneté romaine à tous les hommes libres de l'Empire ?Caracalla
15%
Quel est le prénom de la fille de Jack Bauer dans la série "24 heures chrono" ?Kim
8%
En 1941, quelle oasis de Libye est conquise par les troupes françaises du général Leclerc ?Koufra
8%

Distribution des résultats

Percentile par nombre de réponses

% des personnes avec chaque résultat

Votre développement - résultats

Vous n’avez pas pris ce quiz